Countries Where Yellow Fever Still Exists - Statistics

General Stats
  • This quiz has been taken 9 times
  • The average score is 12 of 18
Answer Stats
# of 2022 Yellow Fever Cases Country % Correct
20 Central African Republic
100%
4 Democratic Republic of the Congo
100%
10 Chad
86%
1 Guinea
86%
4 Niger
86%
6 Republic of the Congo
86%
4 Togo
86%
6 Bolivia
71%
39 Cameroon
71%
14 Nigeria
71%
7 Peru
71%
9 Tanzania
71%
56 Côte d'Ivoire
57%
29 Ghana
57%
2 South Sudan
57%
3 Kenya
43%
2 Sierra Leone
43%
1 Canada
0%
No matching quizzes found
Score Distribution
Percent of People with Each Score
Percentile by Number Answered
Your Score History
You have not taken this quiz